Crayola's ultimate color quiz - Statistics

General Stats
  • This quiz has been taken 499 times
  • The average score is 67 of 133
Answer Stats
Color Answer % Correct
- Blue
97%
- Black
94%
- Red
93%
- Violet / purple
93%
- Yellow
93%
- Green
92%
- Orange
92%
- White
87%
- Grey
84%
- Gold
81%
- Brown
80%
- Silver
79%
- Sky blue
78%
- Tan
76%
- Navy blue
75%
- Peach
75%
- Red orange
74%
- Yellow green
74%
- Aquamarine
73%
- Blue green
73%
- Magenta
73%
- Green blue
70%
- Indigo
69%
- Green yellow
68%
- Yellow orange
68%
- Blue violet
67%
- Copper
67%
- Lavender
67%
- Olive green
67%
- Periwinkle
67%
- Sea green
67%
- Salmon
66%
- Apricot
65%
- Red violet
65%
- Brick red
64%
- Burnt sienna
64%
- Orange red
64%
- Orange yellow
64%
- Violet red
64%
- Maroon
63%
- Plum
63%
- Forest green
62%
- Carnation pink
61%
- Midnight blue
61%
- Violet blue
61%
- Cornflower
59%
- Goldenrod
56%
- Burnt orange
55%
- Cerulean
55%
- Raw sienna
55%
- Scarlet
55%
- Sepia
55%
- Cadet blue
54%
- Dandelion
54%
- Blue grey
53%
- Lemon yellow
53%
- Mahogany
53%
- Melon
52%
- Raw umber
52%
- Pine green
50%
- Spring green
50%
- Orchid
49%
- Fuchsia
48%
- Bittersweet
47%
- Maize
46%
- Mulberry
45%
- Eggplant
44%
- Macaroni and cheese
44%
- Thistle
44%
- Turquoise blue
43%
- Jungle green
42%
- Timberwolf
41%
- Canary
40%
- Purple mountain's majesty
40%
- Shamrock
40%
- Tickle me pink
40%
- Almond
39%
- Blush
39%
- Electric lime
39%
- Laser lemon
39%
- Robin's egg blue
39%
- Royal purple
39%
- Teal blue
39%
- Wisteria
39%
- Asparagus
37%
- Banana mania
37%
- Denim
37%
- Fuzzy wuzzy
37%
- Sunset orange
37%
- Cerise
36%
- Chestnut
36%
- Fern
36%
- Mauvelous
36%
- Razzmatazz
36%
- Wild strawberry
36%
- Desert sand
35%
- Pacific blue
35%
- Piggy pink
35%
- Purple heart
35%
- Tumbleweed
35%
- Wild blue yonder
35%
- Antique brass
34%
- Granny smith apple
34%
- Inchworm
34%
- Mango tango
34%
- Shadow
34%
- Beaver
33%
- Caribbean green
33%
- Cotton candy
33%
- Hot magenta
33%
- Manatee
33%
- Outer space
33%
- Outrageous orange
33%
- Screamin' green
33%
- Shocking pink
33%
- Tropical rain forest
33%
- Wild watermelon
33%
- Vivid tangerine
32%
- Atomic tangerine
31%
- Blue bell
31%
- Mountain meadow
31%
- Neon carrot
31%
- Razzle dazzle rose
31%
- Jazzberry jam
30%
- Pink flamingo
30%
- Sunglow
30%
- Unmellow yellow
30%
- Vivid violet
30%
- Radical red
29%
- Purple pizzaz
28%
- Magic mint
27%
- Pink sherbert
27%
- Blizzard blue
25%
No matching quizzes found
Score Distribution
Percent of People with Each Score
Percentile by Number Answered
Your Score History
You have not taken this quiz